Biện pháp quản lý công tác giáo dục pháp luật ở trường phổ thông dân tộc Nội trú Nước Oa, huyện Bắc Trà My, tỉnh Quảng Nam.
Cơ sở lý luận về quản lý công tác giáo dục pháp luật cho học sinh phổ thông; Thực trạng về công tác giáo dục pháp luật cho học sinh ở trường PTDTNT Nước Oa, huyện Bắc Trà My, tỉnh Quảng Nam; Biện pháp quản lý công tác giáo dục pháp luật cho học sinh trường PTDTNT Nước Oa, huyện Bắc Trà My, tỉnh Quản...
Tallennettuna:
| Päätekijä: | |
|---|---|
| Muut tekijät: | |
| Aineistotyyppi: | Kirja |
| Kieli: | Vietnamese |
| Julkaistu: |
Đà Nẵng
Đại học Đà Nẵng
2013
|
| Aiheet: | |
| Tagit: |
Lisää tagi
Ei tageja, Lisää ensimmäinen tagi!
|
| Thư viện lưu trữ: | Mạng thư viện Đại học Đà Nẵng |
|---|
| LEADER | 01972nam a2200349 4500 | ||
|---|---|---|---|
| 001 | 000019320 | ||
| 003 | 15755 | ||
| 005 | 20140417140439.0 | ||
| 008 | 140417s2013 viesd | ||
| 041 | |a vie | ||
| 082 | 1 | 4 | |a 373.0114 |b NG-Đ |
| 100 | |a Nguyễn Đoàn | ||
| 245 | |a Biện pháp quản lý công tác giáo dục pháp luật ở trường phổ thông dân tộc Nội trú Nước Oa, huyện Bắc Trà My, tỉnh Quảng Nam. |c Nguyễn Đoàn ; Nguyễn Bảo Hoàng Thanh hướng dẫn. |k Luận văn Thạc sĩ | ||
| 260 | |a Đà Nẵng |b Đại học Đà Nẵng |c 2013 | ||
| 300 | |a 101 tr., phụ lục 8 tr. |c 29 cm. |e Tóm tắt | ||
| 500 | |a Luận văn thạc sĩ Quản lý giáo dục. Chuyên ngành: Quản lý giáo dục. Mã số: 60.14.05. | ||
| 520 | |a Cơ sở lý luận về quản lý công tác giáo dục pháp luật cho học sinh phổ thông; Thực trạng về công tác giáo dục pháp luật cho học sinh ở trường PTDTNT Nước Oa, huyện Bắc Trà My, tỉnh Quảng Nam; Biện pháp quản lý công tác giáo dục pháp luật cho học sinh trường PTDTNT Nước Oa, huyện Bắc Trà My, tỉnh Quảng Nam... | ||
| 650 | 0 | 4 | |a Giáo dục trung học |v Luận văn tốt nghiệp |x Giáo dục pháp luật |x Nghiên cứu |z Quảng Nam |
| 653 | |a Quản lý giáo dục | ||
| 653 | |a Giáo dục pháp luật | ||
| 653 | |a Giáo dục trung học | ||
| 700 | 1 | |a Nguyễn Bảo Hoàng Thanh |c PGS.TS |e Hướng dẫn | |
| OWN | |a LSP | ||
| AVA | |a UDN50 |b LSP |d 373.0114 NG-Đ |e available |t Error 5001 Not defined in file expand_doc_bib_avail. |f 1 |g 0 |h N |i 0 |k 1 | ||
| 999 | |a From the UDN01 | ||
| AVA | |a UDN50 |b LSP |d 373.0114 NG-Đ |e available |t Error 5001 Not defined in file expand_doc_bib_avail. |f 1 |g 0 |h N |i 0 |k 1 | ||
| TYP | |a Monograph | ||
| TYP | |a Printed language | ||
| 980 | |a Mạng thư viện Đại học Đà Nẵng | ||